Science Quiz

Random Science or Animal Quiz

► Animals - Lemurs Quiz Stats

 Plays Quiz not verified by Sporcle

Challenge
Share
Tweet
Score 0/20 Timer 04:00
0 Plays Today
% Correct
Ring-tailed Lemur
86.5%
Black-and-white Ruffed Lemur
81.9%
Blue-eyed Black Lemur
80%
Red Ruffed Lemur
79.1%
Aye-aye
76.2%
Fat-tailed Dwarf Lemur
70.2%
Northern Fork-marked Lemur
70%
Golden-crowned Sifaka
67.7%
White-headed Lemur
67.2%
Golden Bamboo Lemur
56.4%
% Correct
Collared Brown Lemur
51.4%
Indri
49.1%
Diademed Sifaka
49.1%
Common Brown Lemur
47.5%
Coquerel's Giant Mouse Lemur
44.5%
Daraina Sportive Lemur
41.5%
Gray Mouse Lemur
41.3%
Silky Sifaka
40.1%
Crowned Sifaka
33%
Southern Woolly Lemur
31.6%

You're not logged in!

Compare scores with friends on all Sporcle quizzes.
Join for Free
OR
Log In

You Might Also Like...

Show Comments

Extras

Top Quizzes Today


Score Distribution

Your Account Isn't Verified!

In order to create a playlist on Sporcle, you need to verify the email address you used during registration. Go to your Sporcle Settings to finish the process.

Report this User

Report this user for behavior that violates our Community Guidelines.

Details: